| 000 | 00965cab a2200373 4500 | ||
|---|---|---|---|
| 001 | ABS48524 | ||
| 008 | 090401t1993 xxu||||| |||| 00| 0 eng d | ||
| 035 | _a(Sirsi) u67238 | ||
| 041 | _aeng | ||
| 100 | _aCooper, P. | ||
| 245 | _aLosing count | ||
| 260 | _c1993 | ||
| 350 | _a0 | ||
| 490 |
_aBuilding _v258(7793) 7 May 1993, 16-18(3) |
||
| 520 | _aExamines the results from Britain`s 12 largest contractors, including profit and loss figures for the top 12 quoted contractors 1991-1994. | ||
| 650 | _aALFRED MCALPINE | ||
| 650 | _aAMEC | ||
| 650 | _aBARRATT | ||
| 650 | _aCONSTRUCTION COMPANIES | ||
| 650 | _aCONTRACTORS | ||
| 650 | _aCOSTAIN | ||
| 650 | _aHIGGS AND HILL | ||
| 650 | _aLAING | ||
| 650 | _aMOWLEM | ||
| 650 | _aRAINE | ||
| 650 | _aRESULTS | ||
| 650 | _aTARMAC | ||
| 650 | _aTAYLOR WOODROW | ||
| 650 | _aTILBURY DOUGLAS | ||
| 650 | _aWIMPEY | ||
| 690 | _aBUILT ENVIRONMENT | ||
| 942 | _n0 | ||
| 948 | _c04/03/1997 | ||
| 999 |
_c42077 _d42077 |
||